Japan-challenge and opportunity

Salvato in:
Dettagli Bibliografici
Natura: Libro
Lingua:Undetermined
Pubblicazione: Tokyo Seres Shipping, Inc. 1973
Soggetti:
Tags: Aggiungi Tag
Nessun Tag, puoi essere il primo ad aggiungerne! !
Thư viện lưu trữ: Trung tâm Học liệu Trường Đại học Cần Thơ
LEADER 00408nam a2200157Ia 4500
001 CTU_77845
008 210402s9999 xx 000 0 und d
082 |a 380.1 
082 |b J35 
245 0 |a Japan-challenge and opportunity 
260 |a Tokyo 
260 |b Seres Shipping, Inc. 
260 |c 1973 
650 |a Commerce 
650 |z Japan,Canada 
980 |a Trung tâm Học liệu Trường Đại học Cần Thơ